Rozpoznaj aktora po rolach - Statystyki

Ogólne statystyki
  • Ten quiz został rozwiązany 34 razy
  • Średni wynik to 17 z 63
Statystyki odpowiedzi
Postaci, które zagrał Aktor % Poprawnych
Michael Corleone, Tony Montana, Frank Slade Al Pacino
79%
Hannibal Lecter, Papież Benedykt, Anthony Anthony Hopkins
63%
Maverick, Ethan Hunt, John Anderton Tom Cruise
58%
Winston Churchill, Hrabia Drakula, Syriusz Black Gary Oldman
54%
Aragorn, Tony Lip, Ojciec Viggo Mortensen
54%
Joker, Johnny Cash, Kommodus Joaquin Phoenix
50%
Despero, Vasily Borgov, Pułkownik Ryszard Kukliński Marcin Dorociński
50%
Charles Chaplin, Tony Stark, Sherlock Holmes Robert Downey Jr.
50%
J. Robert Oppenheimer, Thomas Shelby, Robert Fischer Cillian Murphy
46%
Jordan Belfort, Frank Abagnale Jr, Teddy Daniels Leonardo DiCaprio
46%
Red, Bóg, Lucius Fox Morgan Freeman
46%
James Bond, Wilhelm z Baskerville, Henry Walton Jones Senior Sean Connery
46%
Severus Snape, Hans Gruber, Christopher Brandon Alan Rickman
42%
Lutek Danielak, Filip Mosz, Jerzy Ryba Jerzy Stuhr
42%
Francis Underwood, Prot, John Doe Kevin Spacey
42%
Jules Winnfield, Nick Fury, Trener Ken Carter Samuel L. Jackson
42%
Abraham Lincoln, Sokole Oko, Daniel Plainview Daniel Day-Lewis
38%
Sherlock Holmes, Gandalf, Magneto Ian McKellen
38%
Peter Parker, Danny Sullivan, Nathan Drake Tom Holland
38%
Patrick Bateman, Ken Miles, Kleryk John Preston Christian Bale
33%
Bezimienny rewolwerowiec, Walt Kowalski, Harry Callahan Clint Eastwood
33%
Joker, Randle Patrick McMurphy, Jack Torrance Jack Nicholson
33%
Profesor Rafał Wilczur, Bogumił Niechcic, Maciej Królik-Rózeczka Jerzy Bińczycki
33%
Nikodem Dyzma, Stanisław Anioł, Olgierd Jarosz Roman Wilhelmi
33%
Hans Landa, Dr King Schultz, Alan Cowan Christoph Waltz
29%
Tomasz Beksiński, Ksiądz Jan Kaczkowski, Adam Dawid Ogrodnik
29%
Jan Laguna, Arcybiskup Mordowicz, Benek Janusz Gajos
29%
Kapitan John H. Miller, Kapitan Richard Phillips, Chuck Noland Tom Hanks
25%
Zdzisław Beksiński, Maks Baum, Witold Wanycz Andrzej Seweryn
21%
Porucznik Aldo Raine, Jeffrey Goines, Mills Brad Pitt
21%
Dr Hannibal Lecter, Lucas, Le Chiffre Mads Mikkelsen
21%
Mandalorianin, Javier Peña, Joel Miller Pedro Pascal
21%
John Keating, Sean Maguire, Patch Adams Robin Williams
21%
Charles Bronson, Bane, Max Rockatansky Tom Hardy
21%
Król Jerzy VI, Mark Darcy, Jamie Bennett Colin Firth
17%
Frank Lucas, Alonzo, Malcolm X Denzel Washington
17%
Benjamin Braddock, Raymond Babbitt, Ted Kramer Dustin Hoffman
17%
Rick Deckard, Dr Richard Kimble, Richard Walker Harrison Ford
17%
Przysięgły nr 8, Frank, Tom Joad Henry Fonda
17%
V, Agent Smith, Elrond Hugo Weaving
17%
Stanley Kowalski, Pułkownik Walter E. Kurtz, Marek Antoniusz Marlon Brando
17%
Dr Strangelove, Jacques Clouseau, Ogrodnik Peter Sellers
17%
Travis Bickle, Michael "Mike" Vronsky, Noodles Robert De Niro
17%
Kierowca, Neil Armstrong, Sebastian Ryan Gosling
17%
Elio, Paul Atryda, Nic Sheff Timothée Chalamet
17%
Maciek Chełmicki, Alfons Van Worden, Staszek Zbigniew Cybulski
17%
Saul Goodman, Bill Oswalt, Hutch Mansell Bob Odenkirk
13%
Jan Piszczyk, Senor Toledo, J. Drewnowski (sekretarz prezydenta miasta) Bogumił Kobiela
13%
Włóczęga, Pielgrzym, Robotnik Charlie Chaplin
13%
Antonio Salieri, Bernard Gui, Omar Suarez F. Murray Abraham
13%
Rick Blaine, Sam Spade, Philip Marlowe Humphrey Bogart
13%
Rust Cohle, Cooper, Mark Hanna Matthew McConaughey
13%
Luke, Henry Gondorff, Butch Cassidy Paul Newman
13%
Tyrion Lannister, Dr Bolivar Trask, Cyrano Peter Dinklage
13%
Charles Foster Kane, Kapitan policji Hank Quinlan, Makbet Orson Welles
8%
Michael Scott, Evan Baxter, Mark Baum Steve Carell
8%
Rudobrody, Kikuchiyo, Sanjûrô Tsubaki Toshirô Mifune
8%
Dr Nicholas Garrigan, Charles Xavier, Robbie Turner James McAvoy
4%
Ringo Kid, Ethan Edwards, Szeryf John T. Chance John Wayne
4%
Jerzy Górski, Dominik Santorski, Michael Jakub Gierszał
0%
George Bailey, Jefferson Smith, L.B. "Jeff" Jefferies James Stewart
0%
Antonius Block, Ojciec Merrin, Trójoka wrona Max von Sydow
0%
Dixon, "Dziki Bill" Wharton, George W. Bush Sam Rockwell
0%
Nie znaleziono quizów pasujących do podanych kryteriów
Rozkład punktacji
Procent ludzi z każdym wynikiem
Percentyl według liczby udzielonych odpowiedzi
Twoja historia wyników
Nie rozwiązałeś tego quizu